Human resources management : (Record no. 1724)

MARC details
000 -LEADER
fixed length control field 00485nam a2200169 4500
001 - CONTROL NUMBER
control field 2180
005 - DATE AND TIME OF LATEST TRANSACTION
control field 20181127164714.0
010 00 - LIBRARY OF CONGRESS CONTROL NUMBER
LC control number
020 00 - INTERNATIONAL STANDARD BOOK NUMBER
International Standard Book Number 9788179929995
090 00 - LOCALLY ASSIGNED LC-TYPE CALL NUMBER (OCLC); LOCAL CALL NUMBER (RLIN)
Classification number (OCLC) (R) ; Classification number, CALL (RLIN) (NR) 658.3 S1268s 2009
100 00 - MAIN ENTRY--PERSONAL NAME
Personal name Sadri, Jayashree
245 00 - TITLE STATEMENT
Title Human resources management :
Remainder of title Decision making for organisational excellence /
Statement of responsibility, etc. Jayashree Sadri.
Medium
250 00 - EDITION STATEMENT
Edition statement 1st ed.
260 00 - PUBLICATION, DISTRIBUTION, ETC.
Place of publication, distribution, etc. Ahmedabad :
Name of publisher, distributor, etc. Jaico Publishing House,
Date of publication, distribution, etc. 2009.
300 00 - PHYSICAL DESCRIPTION
Extent xvi, 472 p.
650 00 - SUBJECT ADDED ENTRY--TOPICAL TERM
Topical term or geographic name entry element Human resources management
General subdivision
Holdings
Withdrawn status Lost status Source of classification or shelving scheme Damaged status Not for loan Collection code Home library Current library Shelving location Date acquired Cost, normal purchase price Serial Enumeration / chronology Inventory number Full call number Barcode Date last seen Price effective from Koha item type
    Dewey Decimal Classification     Main TEST RTC Library RTC Library Main opac 15/04/2022 395.00 2265 658.3 SAD 30002652 27/11/2018 27/11/2018 Main
Royal Thimphu College || All Right Reserved